ديوان عبد الله البردوني / (رقم التسجيلة. 29902)
[ عرض عادي ]
| 000 -LEADER | |
|---|---|
| fixed length control field | 00522nam a22001817a 4500 |
| 005 - DATE AND TIME OF LATEST TRANSACTION | |
| control field | 20251108165524.0 |
| 008 - FIXED-LENGTH DATA ELEMENTS--GENERAL INFORMATION | |
| fixed length control field | 250721s1979 xx 000 0 ara d |
| 082 14 - DEWEY DECIMAL CLASSIFICATION NUMBER | |
| Classification number | م/811.95662/برد |
| 100 1# - MAIN ENTRY--PERSONAL NAME | |
| Personal name | البردوني، عبد الله |
| 245 10 - TITLE STATEMENT | |
| Title | ديوان عبد الله البردوني / |
| 264 1# - PRODUCTION, PUBLICATION, DISTRIBUTION, MANUFACTURE, AND COPYRIGHT NOTICE | |
| Place of production, publication, distribution, manufacture | بيروت : |
| Name of producer, publisher, distributor, manufacturer | دار العودة، |
| Date of production, publication, distribution, manufacture, or copyright notice | 1979. |
| 300 ## - PHYSICAL DESCRIPTION | |
| Extent | 2مج |
| 650 17 - SUBJECT ADDED ENTRY--TOPICAL TERM | |
| Topical term or geographic name as entry element | الشعر العربي |
| 650 17 - SUBJECT ADDED ENTRY--TOPICAL TERM | |
| Topical term or geographic name as entry element | العصر الحديث |
| 650 17 - SUBJECT ADDED ENTRY--TOPICAL TERM | |
| Topical term or geographic name as entry element | اليمن |
| 942 ## - ADDED ENTRY ELEMENTS (KOHA) | |
| Source of classification or shelving scheme | Dewey Decimal Classification |
| Koha item type | مراجع |
| حالة السحب | حالة الفقدان | مصدر التصنيف | حالة التلف | غير قابل للإعارة | المكتبة الرئيسية | المكتبة الحالية | موقع الرف | تاريخ التزويد | الرقم المتسلسل | Total Checkouts | رقم الإستدعاء | الباركود | تاريخ آخر ظهور | تاريخ الفاتورة | نوع المادة (كوها) |
|---|---|---|---|---|---|---|---|---|---|---|---|---|---|---|---|
| Dewey Decimal Classification | Not For Loan | المكتبة المركزية | المكتبة المركزية | مراجع | 06/07/2004 | 162361 | م/811.95662/برد | 162361 | 28/07/2025 | 06/07/2004 | مراجع | ||||
| Dewey Decimal Classification | Not For Loan | المكتبة المركزية | المكتبة المركزية | مراجع | 06/07/2004 | 162360 | م/811.95662/برد | 162360 | 28/07/2025 | 06/07/2004 | مراجع | ||||
| Dewey Decimal Classification | Not For Loan | مكتبة أم قصير والمقابلين العامة | مكتبة أم قصير والمقابلين العامة | مراجع | 01/11/2014 | [ 4448 ] | م/811.95662/برد | PLD00357815 | 28/07/2025 | 01/11/2014 | مراجع | ||||
| Dewey Decimal Classification | Not For Loan | مكتبة أم قصير والمقابلين العامة | مكتبة أم قصير والمقابلين العامة | مراجع | 01/11/2014 | [ 4449 ] | م/811.95662/برد | PLD00357821 | 28/07/2025 | 01/11/2014 | مراجع | ||||
| Dewey Decimal Classification | Not For Loan | مكتبة الأميرة ايمان العامة | مكتبة الأميرة ايمان العامة | مراجع | 18/11/2013 | [6138] | م/811.95662/برد | PLD00286868 | 28/07/2025 | 18/11/2013 | مراجع | ||||
| Dewey Decimal Classification | Not For Loan | مكتبة الأميرة ايمان العامة | مكتبة الأميرة ايمان العامة | مراجع | 18/11/2013 | [6139] | م/811.95662/برد | PLD00286869 | 28/07/2025 | 18/11/2013 | مراجع | ||||
| Dewey Decimal Classification | Not For Loan | مكتبة وادي السير العامة | مكتبة وادي السير العامة | مراجع | 11/04/2016 | [1923].. | م/811.95662/برد | PLD00385766 | 28/07/2025 | 11/04/2016 | مراجع | ||||
| Dewey Decimal Classification | Not For Loan | مكتبة وادي السير العامة | مكتبة وادي السير العامة | مراجع | 11/04/2016 | [1922]. | م/811.95662/برد | PLD00385770 | 28/07/2025 | 11/04/2016 | مراجع |